Biblical Dan / (Record no. 9691)
[ view plain ]
| 000 -LEADER | |
|---|---|
| fixed length control field | 01048nam a2200289Ia 4500 |
| 001 - CONTROL NUMBER | |
| control field | 30264984 |
| 003 - CONTROL NUMBER IDENTIFIER | |
| control field | OCoLC |
| 005 - DATE AND TIME OF LATEST TRANSACTION | |
| control field | 20210121160805.0 |
| 008 - FIXED-LENGTH DATA ELEMENTS--GENERAL INFORMATION | |
| fixed length control field | 940419s1994 is af b 000 0 eng d |
| 020 ## - INTERNATIONAL STANDARD BOOK NUMBER | |
| International Standard Book Number | 965221020X |
| 040 ## - CATALOGING SOURCE | |
| Original cataloging agency | BWE |
| Transcribing agency | BWE |
| Modifying agency | OSU |
| 041 1# - LANGUAGE CODE | |
| Language code of text/sound track or separate title | eng |
| Language code of original | heb |
| 043 ## - GEOGRAPHIC AREA CODE | |
| Geographic area code | a-is--- |
| 049 ## - LOCAL HOLDINGS (OCLC) | |
| Holding library | OSUU |
| 090 ## - LOCALLY ASSIGNED LC-TYPE CALL NUMBER (OCLC); LOCAL CALL NUMBER (RLIN) | |
| Classification number (OCLC) (R) ; Classification number, CALL (RLIN) (NR) | DS110.D27 |
| Local cutter number (OCLC) ; Book number/undivided call number, CALL (RLIN) | B571 1994 |
| 090 ## - LOCALLY ASSIGNED LC-TYPE CALL NUMBER (OCLC); LOCAL CALL NUMBER (RLIN) | |
| Classification number (OCLC) (R) ; Classification number, CALL (RLIN) (NR) | DS110.D27 |
| Local cutter number (OCLC) ; Book number/undivided call number, CALL (RLIN) | B571 1994 |
| 100 1# - MAIN ENTRY--PERSONAL NAME | |
| Personal name | Biran, Avraham |
| 240 10 - UNIFORM TITLE | |
| Uniform title | Dan, 25 shenot Ḽafirot be-Tel Dan. |
| Language of a work | English |
| 245 10 - TITLE STATEMENT | |
| Title | Biblical Dan / |
| Statement of responsibility, etc. | Avraham Biran ; [English version, Joseph Shadur] |
| 260 ## - PUBLICATION, DISTRIBUTION, ETC. | |
| Place of publication, distribution, etc. | Jerusalem : |
| Name of publisher, distributor, etc. | Israel Exploration Society ; |
| -- | Hebrew Union College-Jewish Institute of Religion, |
| Date of publication, distribution, etc. | 1994 |
| 300 ## - PHYSICAL DESCRIPTION | |
| Extent | 280 p., [16] p. of plates : |
| Other physical details | ill. (some col.) ; |
| Dimensions | 25 cm |
| 500 ## - GENERAL NOTE | |
| General note | An edited, revised and augmented translation of: Dan, 25 shenot Ḽafirot be-Tel Dan--Cf. t.p., verso |
| 504 ## - BIBLIOGRAPHY, ETC. NOTE | |
| Bibliography, etc. note | Includes bibliographical references (p. 279-280) |
| 650 #0 - SUBJECT ADDED ENTRY--TOPICAL TERM | |
| Topical term or geographic name entry element | Excavations (Archaeology) |
| Geographic subdivision | Israel |
| -- | Dan (Extinct city) |
| 651 #0 - SUBJECT ADDED ENTRY--GEOGRAPHIC NAME | |
| Geographic name | Dan (Extinct city) |
| 942 ## - ADDED ENTRY ELEMENTS (KOHA) | |
| Source of classification or shelving scheme | Dewey Decimal Classification |
| Koha item type | Books |
| Withdrawn status | Lost status | Source of classification or shelving scheme | Damaged status | Not for loan | Collection code | Home library | Current library | Shelving location | Date acquired | Total Checkouts | Full call number | Barcode | Date last seen | Price effective from | Koha item type |
|---|---|---|---|---|---|---|---|---|---|---|---|---|---|---|---|
| Dewey Decimal Classification | Not For Loan | Reference | Harvest Mission College | Harvest Mission College | Reference | 03.02.2021 | REF 933 B617B | 011114 | 03.02.2021 | 03.02.2021 | Reference |
